000 00864nam a2200265Ia 4500
003 OSt
005 20221005035959.0
006 a|||||r|||| 00| 0
007 ta
008 221004b |||||||| |||| 00| 0 eng d
020 _a8173046239 (pbk)
_c340
024 _a92938
037 _bG-3877, 17/12/2008, Manohar Publisher & Distributors
_cTextual
040 _aCRL
_cCRL
_beng
041 _2eng
_aeng
082 _aW691.44974, P5
100 _aPandey Nishchal Nath
_9399552
245 0 _aNepal's maoist movement and implications for India and China
260 _aDelhi
_bManohar India
_c2005
300 _a178p.
_ccm.
490 _aRCSS policy studies; 27
650 _aPOLITICAL SCIENCE
942 _hW691.44974, P5
_cTEXL
_2cc
999 _c946146
_d946146